000 00315 a2200145 4500
020 _a2-04-011064-x
040 _aULA-LD-MS
082 _a72
_b72
100 _91189
_aMOORE,CH
245 _aL ARCHITECTURE SENSIBLE
260 _aParis,
_bdunod
_c1981.
300 _a187p
650 _aArquitectura
942 _cLivros
999 _c2362
_d2362